LEADER 00891nam0-22002771i-450- 001 990000729480403321 005 20100505143739.0 035 $a000072948 035 $aFED01000072948 035 $a(Aleph)000072948FED01 035 $a000072948 100 $a20020821d--------km-y0itay50------ba 101 0 $aita 105 $ay-------001yy 200 1 $aCampi Phlegraei$eosservazioni sui vulcani delle Due Sicilie comunicate alla Reale Società di Londra da Sir William Hamilton illustrate con tavole di Pietro Fabris$fa cura di Gino Doria 210 $aMilano$cIl Polifilo$ds.d. 215 $a148 p. 700 1$aHamilton,$bWilliam$f<1730-1803>$038352 702 1$aDoria,$bGino$f<1888-1975> 801 0$aIT$bUNINA$gRICA$2UNIMARC 901 $aBK 912 $a990000729480403321 952 $aRARI F 2$b10766$fFARBC 959 $aFARBC 996 $aCampi Phlegraei$922672 997 $aUNINA